[Event "FIDE World Blitz Championship"]
[Site "?"]
[Date "2019.12.30"]
[Round "19.1"]
[White "Firouzja, Alireza"]
[Black "Carlsen, Magnus"]
[Result "0-1"]
[WhiteElo "2649"]
[BlackElo "2865"]
[EventDate "2019.??.??"]
[Annotator "Bojkov,Dejan"]
[PlyCount "132"]
[Beauty "6047850826791"]
[EventType "blitz"]

1.e4 e5 2.Nf3 Nc6 3.Bb5 a6 4.Ba4 d6 5.O-O Bd7 6.c3 g6 7.d4 Bg7 8.h3 Nf6 9.Bc2 O-O 10.Re1 Re8 11.Nbd2 Qe7 12.Nf1 Qf8 13.Ng3 Bh6 $146 {A novelty. It makes sense to trade the dark-squared bishop which is often a problematic piece in these structures. Especially if White closes the center with d4-d5.} ( {Carlsen's opponent for the world championship chose instead} 13...a5 14.Ba4 Rad8 15.Bg5 h6 16.Bd2 b6 17.Rc1 Nh7 18.Qb3 Re7 {Patel,A (2478)-Caruana,F (2811) chess. com INT 2018} ) 14.Ng5 {Firouzja prevents the idea of the world champion. The position is very rich in content. A lot of moves make sense.} ( {Like the improvement of the bishop:} 14.Bd3 $5 ) ( {Or the gain of space on the queenside:} 14.b4 $5 ) 14...Nd8 $1 {A nice maneuver.} 15.Bb3 Ne6 16.h4 Rad8 17.Be3 Bg7 18.h5 Bh6 {Carlsen is never shy to make the maximum out of any situation. Even if this means to seemingly lose a tempo.} 19.Qc1 Ng4 20.Nxe6 $6 {Firouzja blinks first.} ( {Better was} 20.Bd2 {as Black cannot win the central pawn:} 20...exd4 21.hxg6 hxg6 22.cxd4 Bxg5 23.Bxg5 {with a slight edge for the first player.} ) 20...fxe6 21.Rf1 Nxe3 {Not a bad move.} ( {But there was a better one!} 21...Bxe3 $1 22.fxe3 Qh6 23.Re1 ( 23.Rf3 gxh5 $1 {followed by Kg8-h8 and attack along the g-file.} ) 23...Qg5 {would have fixed Black's advantage.} ) 22.fxe3 Qe7 23.hxg6 hxg6 {The bishop pair and the possibility of play along the dark squares determines the advantage of the world champion.} 24.Qd2 exd4 25.cxd4 Kg7 ( 25...Qg5 $1 {hitting where it hurts (on dark squares) would have been better.} ) 26.Rf3 Rf8 27.Raf1 Rxf3 28.Rxf3 Rf8 29.Qc3 $1 {White starts to demonstrate activity.} 29...c6 ( 29...e5 $1 {would be more accurate.} ) 30.Nf1 e5 31.Rxf8 Kxf8 32.Qc4 {Suddenly Firouzja has serious threats. Carlsen does not react in the best possible way:} 32...Qf6 ( {He should have opted instead for} 32...Qg7 33.Qb4 Qe7 34.Qxb7 exd4 35.exd4 Bg7 {with enough compensation for the pawn.} ) 33.dxe5 dxe5 34.Qb4+ c5 35.Qxb7 {Now White keeps all his advantages: both material and initiative. Notice how wonderful his knight is; it does not let any black pieces around his Majesty.} 35...Bb5 36.Qc8+ Ke7 37.Qxc5+ Qd6 38.Qxd6+ ( {Since Black's king was more vulnerable than his counterpart} 38.Qc3 $1 {would have been the clear way to the win.} ) 38...Kxd6 39.Bf7 Bxf1 $1 {Now the world champion enters an endgame, rich in drawing opportunities despite the extra white pawns.} 40.Kxf1 g5 41.Ke2 Bf8 42.Kf3 Ke7 43.Bc4 a5 44.Ke2 {White needs his king for the win.} 44...Kd6 45.Bd5 Be7 ( {Easier was to stay still:} 45...Kd7 {in order to meet the opponent's king's invasion with his own king:} 46.Kf3 Ke7 47.Kg4 Kf6 ) 46.Kf3 Bd8 47.Kg4 Be7 48.Kf5 Bd8 49.g4 Be7 50.a3 {Now Firouzja obviously makes progress.} 50...Bd8 51.b4 axb4 52.axb4 Be7 53.b5 Bd8 54.Kg6 ( {It is too early for a breakthrough:} 54.b6 Bxb6 55.Kxg5 Ke7 $1 56.Kf5 Bxe3 57.Kxe5 Bd2 {with a draw as the white pawns are too close to each other.} ) 54...Kc5 55.Kf5 Kxb5 $1 {Correct.} ( {As} 55...Kd6 56.Ba8 Be7 57.b6 $1 {would have put Black into zugzwang.} ) 56.Kxe5 Kc5 57.Ke6 Ba5 58.e5 Bd2 {So far Carlsen was defending close to perfectly, but here he mixes up his priorities.} ( {He should have "hitted" the most dangerous white pawn with} 58...Bc3 $1 {thus freezing it.} ) 59.e4 ( {Firouzja misses a win!} 59.Kf7 $3 {would have destroyed the opposite-colored bishop "spell" after} 59...Kxd5 60.e6 Bb4 61.e7 Bxe7 62.Kxe7 Ke4 63.Kf6 ) 59...Bc3 $1 {Carlsen is back on the right (drawish) track.} 60.Kf5 Kb6 {But he loses track again. It should be mentioned that with limited time, both players were basically playing on their instincts, rather than logical, thorough thinking. The move in the game tries to bring the king closer, but in fact loses a tempo.} ( {Just as before, waiting was the good strategy. Both} 60...Bb2 $1 ) ( {and} 60...Ba1 $1 {would have been enough to save the game.} ) 61.e6 {Missing a second winning chance!} ( {The pawns were unstoppable after} 61.Kxg5 $1 Bxe5 62.Kf5 Bb2 ( 62...Bh8 63.Kg6 ) 63.e5 Kc7 64.g5 ) 61...Kc7 62.Kg6 Kd8 63.Kxg5 Ke7 {The king made in front of the pawns. Is this still a draw? The pawns are close to each other, but there are three of them...} 64.Kh5 Bd2 65.g5 Bf4 {Trying to keep everything intact, loses!} ( {The would champion should have objectively held with} 65...Bc3 $1 66.Kg6 Bd2 $1 ) 66.Kg4 {And in this very complex position the unthinkable happened. Right after moving his king to g4, Firouzja tipped over his king and after first putting it back, Firouzja was just too late to hit the clock and he ran out of time, while Carlsen moved his bishop to d2. His position was declared a loss as theoretically speaking a mate is possible to happen with opposite-colored bishops on the board! What a dramatical finish of a spectacular game!} ( {The incredible Iranian would have won with} 66.g6 $1 Be5 ( {Or} 66...Kf8 67.e7+ $1 Kxe7 68.g7 {and queens.} ) 67.Kh6 {and the pawns are unstoppable as the timely pawn advances g6-g7 and e6-e7 would win the black bishop and there will be a free e-pawn left.} ) 66...Bd2 0-1

[Event "FIDE World Rapid Championship"]
[Site "?"]
[Date "2019.12.26"]
[Round "3.13"]
[White "Firouzja, Alireza"]
[Black "Korobov, Anton"]
[Result "1-0"]
[WhiteElo "2614"]
[BlackElo "2818"]
[EventDate "2019.??.??"]
[Annotator "Bojkov,Dejan"]
[PlyCount "83"]
[Beauty "7563034790409"]
[EventType "rapid"]

1.e4 c5 2.Nf3 d6 3.d4 cxd4 4.Nxd4 Nf6 5.Nc3 a6 6.Bg5 Nbd7 7.Bc4 Qa5 8.Qd2 h6 ( {Korobov has some negative experience with the line} 8...e6 9.Bb3 Be7 10.O-O-O h6 11.Be3 Nc5 12.Kb1 Bd7 13.f3 Qc7 14.g4 b5 15.a3 Qb7 16.h4 a5 17.g5 {Nepomniachtchi,I (2732)-Korobov,A (2711) Khanty-Mansiysk 2017} ) 9.Bxf6 {Firouzja is ready to part with his important bishop in return for some extra time for piece mobilization.} 9...Nxf6 10.O-O-O e6 11.Bb3 Be7 12.Kb1 Bd7 13.f4 Rc8 14.Rhe1 Rc5 {So far both players were playing very fast. Now Firouzja uncorks a novelty.} 15.Qe2 $146 {A novelty. White is quickly preparing the e4-e5 central break.} ( {An earlier game saw:} 15.Nf3 Bc6 16.Nd4 O-O 17.f5 e5 18.Nxc6 bxc6 19.g4 Rb8 20.Re3 Rb4 21.Qe2 Ne8 {Ris,R (2417)-Shevtsov,N (2311) Kharkov 2008} ) 15...O-O {The first lengthy thought by Korobov led to king evacuation from the center.} ( {The standard exchange sacrifice} 15...Rxc3 16.bxc3 Qxc3 {does not work well for Black due to the following sequence:} ( 16...O-O 17.e5 {is also very risky for Black.} ) 17.e5 dxe5 18.Qxe5 O-O 19.Nxe6 $1 Qxe5 20.fxe5 Bxe6 21.exf6 Bxf6 22.Bxe6 fxe6 23.Rxe6 {and White is winning the endgame.} ) ( {However} 15...Qc7 $5 {might have been a better try, not castling into it for the time being.} ) 16.e5 dxe5 17.fxe5 Nh7 18.Nf5 $1 {The major point behind the pawn break.} 18...Qd8 19.Qd3 Rc7 20.Re4 {White is shifting the rook on the fourth rank for either tripling of the major pieces on the d-file, or for a kingside attack.} ( {However, objectively better was to fix the advantage with the natural} 20.Nd6 $1 Bc6 21.Nce4 Bxe4 ( 21...Rd7 22.Nc5 ) 22.Rxe4 ) 20...Bc5 $1 {This takes away the d4 square from the rook and opens the road for the queen on the kingside.} ( {White is clearly better after} 20...exf5 21.Rd4 Qb8 22.Rxd7 Rxd7 23.Qxd7 Qxe5 24.Qxb7 Bf6 25.g3 ) 21.Ng3 ( {Now} 21.Nd6 Bc6 {is not that effective.} ) 21...Qg5 22.h4 Qe7 {An unfortunate retreat.} ( {The queen was safe and well positioned. It should not have left the flank:} 22...Qg6 {Then another idea was to exploit the missing queen with} 23.Rc4 {But:} ( 23.h5 Qg5 $1 ) 23...Qxd3 24.Rxd3 Be8 $1 {would have been in time for Black and the pin would not work.} ( {Not} 24...b5 25.Rxd7 ) ) 23.Rg4 {Now the rook does a tremendously good job. Black is soon forced to weaken himself.} 23...Kh8 24.Nh5 g6 ( {Otherwise Black would be paralized:} 24...Rg8 25.Qg3 Qf8 26.Rf1 {then Nc3-e4-d6(f6) and eventually c2-c3, followed by Bb3-c2 would lead to decisive reinforcement of White's attack.} ) 25.Nf4 Rg8 ( {Better was} 25...Be8 $1 26.Ne4 Rd7 27.Nd6 {although White is clearly better here too.} ) 26.Ne4 h5 {It seems as Korobv is taking over the initiative, but Firouzja has it all covered.} 27.Nxh5 $3 {Brilliant stuff!} 27...gxh5 28.Rxg8+ Kxg8 29.Qg3+ Kh8 30.Nf6 $1 {The powerful white pieces demonstrate perfect coordination.} 30...Qf8 {Korobov decides to give the piece back at once.} ( {One point behind the sacrifice is that the black rook is hanging in the line} 30...Nxf6 31.exf6 Qf8 32.Qxc7 ) ( {The other defense of the back rank loses after} 30...Qd8 31.Qf3 Nxf6 32.exf6 Qg8 33.Qxh5+ Qh7 34.Qe5 Bb6 35.Qd6 Ba5 36.Qe7 ) 31.Nxd7 Qg7 ( {Perhaps Black should have tried to defend the endgame after} 31...Qd8 32.Qd3 Be7 33.c3 Nf8 34.Nxf8 Qxd3+ 35.Rxd3 Bxf8 ) 32.Qf3 Qg4 33.Qf1 $1 {Cleverly avoiding the queen swap as the black king is so weak.} 33...Bf2 ( {Or} 33...Qxh4 34.Nxc5 Rxc5 35.Qxf7 {and White wins.} ) 34.c3 $1 {This not only defends the rook on d1 (thus releasing the queen) but also brings the bishop into the play. The impressive thing about the game was how well Firouzja's pieces were coordinated all the time.} 34...Qxh4 35.Bc2 Ng5 36.Nf6 Rc8 37.Qe2 Bc5 38.Nxh5 {Simple and good.} ( {There was an alternative solution:} 38.g3 Qh3 39.Qd2 Qxg3 40.Nxh5 Qxe5 41.Qd8+ $1 ) 38...Be7 39.g3 Qh3 40.Nf4 Qh6 ( {Otherwise Black is getting mated after} 40...Qxg3 41.Qh5+ Kg8 ( 41...Kg7 42.Rh1 ) 42.Rh1 ) 41.Qg2 Qg7 42.Qxb7 1-0

[Event "FIDE World Rapid Championship"]
[Site "?"]
[Date "2019.12.27"]
[Round "9.2"]
[White "Vachier Lagrave, Maxime"]
[Black "Mamedyarov, Shakhriyar"]
[Result "1-0"]
[WhiteElo "2873"]
[BlackElo "2752"]
[EventDate "2019.??.??"]
[Annotator "Bojkov,Dejan"]
[PlyCount "73"]
[Beauty "7908108536329"]
[EventType "rapid"]

1.e4 c6 2.Nf3 d5 3.Nc3 {Vachier-Lagravve's favorite anti-Caro-Kann line. It seems as the leading French player attracted a lot of his countrymen to follow him.} 3...Bg4 4.h3 Bxf3 5.Qxf3 e6 {The most solid set up. The light-squared bishop was traded and Mamedyarov posts his pawns on the same color.} 6.Be2 Bc5 7.O-O Nf6 8.Rd1 Bd4 9.Qf4 {A rich pawn sacrifice.} 9...Bxc3 ( {Another top French player got the advantage after} 9...Nbd7 10.exd5 e5 11.Qf3 Rc8 12.dxc6 Rxc6 13.Bb5 Rb6 14.Qe2 a6 15.Bc4 O-O 16.d3 Nc5 17.Ne4 Ncxe4 18.dxe4 Nxe4 19.Be3 {Bacrot,E (2669)-Dreev,A (2671) Zagreb 2019. Coincidentally, in this game Bacrot was facing the coach of the Azerbaijani national team.} ) 10.bxc3 Nxe4 11.Ba3 Nd7 12.Rab1 $146 {A logical move and a novelty.} ( {An earlier game was also one by a French player, this time a lady. After} 12.Bf3 Qa5 13.Bb4 Qb6 14.Bxe4 dxe4 15.Qxe4 c5 16.Ba3 Qa6 17.Bb2 Nf6 18.Qe5 {White regained the pawn but did not get any advantage, Benmesbah,N (2265) -Girya,O (2476) Monaco 2019} ) 12...Qa5 {Mamedyarov is trying to disrupt the cooperation of the white pieces.} ( {More natural seems} 12...b5 {to which White would have most likely brick-walled the pawns with} 13.c4 $1 bxc4 14.Rb7 ( {But not} 14.Bxc4 Qf6 15.Qe3 Qxf2+ 16.Qxf2 Nxf2 17.Kxf2 dxc4 {when Black is OK in the endgame.} ) 14...Qf6 15.Qe3 {with mounting pressure against the black king.} ) 13.Bb4 Qd8 {Now that the bishop is standing on the road of the rook the queen can retreat.} ( {However, a better idea seemed} 13...Qa4 {when} 14.Qc7 {is met with} 14...c5 {with complications.} ) 14.c4 c5 15.cxd5 $1 {An important intermediate move. Black's king is in danger.} ( {Instead Black can defend in the endgame after} 15.Bc3 Nxc3 16.dxc3 Qb8 17.Qxb8+ Rxb8 18.cxd5 ) 15...exd5 16.Bc3 O-O {A no-brainer. Mamedyarov gives back the pawn, but safeguards the king.} ( {The alternative endgame} 16...Nxc3 17.dxc3 Nf6 18.Qe5+ Qe7 19.Qxe7+ Kxe7 20.Rxb7+ Ke6 21.c4 {is not as convincing as the one from above as White's initiative persists due to the insecure position of the black king.} ) 17.Rxb7 Nxc3 ( {Black cannot trap the rook with} 17...Nb6 18.Be5 f6 19.Qg4 Rf7 20.Rxf7 Kxf7 21.Bh2 {Moreover, White can keep the bishop pair.} ) 18.dxc3 Nf6 19.Bf3 {A natural development. The bishop is much superior to the knight and the white major pieces are super-active which compensates for Vachier-Lagrave's worse pawn structure. The d5 pawn is an obvious target and the pressure forces Mamedyarov to part with a it sooner or later.} ( {Also good was} 19.c4 d4 20.Bd3 {Next, the White can expand on the kingside and he is better thanks to his more active pieces.} ) 19...Qa5 20.c4 Qa4 ( {After} 20...Qxa2 21.cxd5 Qxc2 22.d6 a5 23.Rc1 {White can combine the advance of the central passer with kingside attack.} ) 21.Rc7 ( {White could have taken the pawn with} 21.Bxd5 Qxa2 {However, the attempt to force a win with} 22.Rxf7 $2 {Fails to} 22...Nxd5 $1 ) 21...Rab8 22.Rxc5 $1 {Correct.} ( {Black gets counterplay after} 22.Bxd5 Qxa2 23.Qd2 a5 24.Rxc5 a4 ) 22...Rb4 ( {Here} 22...Qxc2 23.Rc1 Qxa2 24.cxd5 {leads to a similar unpleasant situation to Black is from above.} ) 23.c3 $1 {Once again Vachier-Lagrave plays for the maximum.} ( {The rook endgames provide the defender extra saving possibilities:} 23.Bxd5 Qxc2 24.Qd2 Qxd2 25.Rxd2 Nxd5 26.cxd5 Rd8 ) 23...Rb2 {Going wrong.} ( {Mamedyarov should have tried the line} 23...Rxc4 24.Rxc4 dxc4 25.Rd2 {It is not pleasant to defend, but if he manages to get rid of the queenside pawns there would be a draw.} ) 24.Qd4 dxc4 ( 24...Qxa2 25.cxd5 {would leave Black no chances.} ) 25.Rxc4 Qc2 ( {The last try was} 25...Qxa2 26.Ra4 Qb3 27.Rxa7 Rb1 {although Black should be lost here too.} ) 26.a4 a5 27.Rc5 {White consolidated and now wins a second pawn. The rest was easy.} 27...h6 28.Rxa5 Re8 29.Ra8 Rxa8 30.Bxa8 Ra2 31.Bc6 g6 32.Re1 Kg7 33.c4 Ra3 34.Bb5 Rd3 35.Qe5 Rd2 36.Rf1 Re2 37.Qa1 1-0

[Event "FIDE World Rapid Championship"]
[Site "?"]
[Date "2019.12.28"]
[Round "12.1"]
[White "Aronian, Levon"]
[Black "Carlsen, Magnus"]
[Result "0-1"]
[WhiteElo "2784"]
[BlackElo "2886"]
[EventDate "2019.??.??"]
[Annotator "Bojkov,Dejan"]
[PlyCount "118"]
[Beauty "6462738795576"]
[EventType "rapid"]

1.d4 Nf6 2.c4 e6 3.Nf3 d5 4.Nc3 c5 5.cxd5 exd5 6.g3 Nc6 7.Bg2 cxd4 8.Nxd4 Bc5 9.Nxc6 bxc6 10.O-O O-O 11.Qc2 Bb6 12.Na4 Bd7 13.b3 Re8 14.Bb2 {A typical position with a pair of isolated pawns has been put on the board and Carlsen plays novelty \E0 la Razuvaev.} 14...h5 $146 {The prominent Russian GM used this idea with reversed colors to win a masterpiece against the Hungarian GM Farago. Back then it was a totally new concept.} ( {Before this, only} 14...Ne4 {has been tested in the following game:} 15.Rad1 Rc8 16.Nxb6 Qxb6 17.Qd3 f6 18.e3 Bf5 19.Qd4 {Heimann,A (2635)-Alexakis,D (2470) Chania 2019} ) 15.h4 Ne4 16.e3 Rc8 17.Nxb6 {Aronian improves the opponent's pawn structure but gets the bishop pair in return.} 17...axb6 18.Qd1 {It seems as the h5 thrust backfired.} 18...Bf5 {Carlsen decides to sacrifice the pawn.} ( {Indeed, the natural} 18...g6 19.Qd4 f6 20.Bxe4 {does not save the pawn.} ) ( {More interesting seems the piece sacrifice} 18...Bg4 $5 19.f3 Nxg3 20.fxg4 Qxh4 {Best.} ( {Weaker is} 20...Nxf1 {due to the intermediate} 21.Qd4 $1 ) ( 20...Rxe3 {is not optimal because of} 21.Re1 ) 21.Rf2 Rxe3 {However, at the end of the line White has} 22.Bxg7 $1 {with better chances.} ) 19.Qxh5 Qd7 20.Qd1 c5 {Surprisingly enough, Black's compensation exists. He has a strong center and freedom in maneuvering. The extra pawn is not very important yet.} 21.Re1 ( 21.Kh2 {to prevent a bishop trade is met with the rook lift} 21...Rc6 ) 21...Rcd8 ( {The rook lift was also interesting here.} 21...Rc6 $5 ) 22.Rc1 Bh3 23.Qf3 ( {Aronian could have also kept the bishop pair with} 23.Bh1 $5 {although then too it would not be obvious how to bring his pieces out.} ) 23...f6 $1 {Blunting the other bishop.} 24.Bxh3 Qxh3 25.Rcd1 ( 25.Red1 {seemed more natural.} ) 25...b5 {Carlsen's play is instructive as usual. Every move that he makes improves a bit something in his camp.} 26.Qg2 Qe6 27.f3 {Aronian decides that the time for concrete actions came. However, in the process he is also weakening his king.} 27...Nd6 28.g4 d4 $1 {The central break does not require explanation.} 29.Qd2 Qd5 30.exd4 c4 $1 {Play for blockade. The content this game reminds me of another encounter between the two opponents: the one at the London Chess Classic in 2017. Back then Carlsen sacrificed two pawns as well, but the major difference was the lack of queens in the game in England's capital. With the queens on, the Norwegian has all the reasons to play for a win.} ( {Instead} 30...Qxf3 31.Qg2 Rxe1+ 32.Rxe1 Qf4 33.dxc5 {would be comfortable for White.} ) 31.Ba3 {Aronian must have missed something.} ( {Better was to give back one of the pawns with} 31.Kf2 cxb3 32.axb3 Qxb3 33.Qc3 Qd5 {although Black clearly has rich compensation for the pawn here too.} ) 31...Qxf3 32.Qg2 Rxe1+ 33.Rxe1 Qc3 $1 {A tempo move which provides the necessary time for the world champion to fulfil his plans on the queenside.} 34.Rd1 b4 35.Bb2 Qe3+ 36.Qf2 ( {The computer prefers to defend with} 36.Kh2 cxb3 37.Bc1 Qe6 38.axb3 Qxb3 39.Re1 ) 36...Qh3 37.Qg2 Qe3+ ( {There was nothing wrong with the obvious} 37...Qxh4 $1 ) 38.Qf2 Qe4 39.Qg2 c3 40.Bc1 ( {White's position is hardly safe-able either after} 40.Qxe4 Nxe4 41.Bc1 c2 42.Rd3 Ra8 ) 40...c2 41.Rf1 Qxd4+ {Pawns are now equal but Black is completely winning thanks to his safe king, active pieces and strong passer.} 42.Kh2 Qe5+ 43.Kg1 Qc5+ 44.Kh2 Nf7 45.g5 Qe5+ 46.Kh1 Rd1 ( {The easiest win was} 46...Rd4 $1 47.Qxc2 Rxh4+ 48.Kg1 Nxg5 {with a decisive attack.} ) 47.g6 $1 {The only chance for White is connected with threats against the enemy king.} 47...Nd8 ( {Here better was to block the checks with} 47...Nd6 48.Qa8+ Ne8 49.Qf3 Qd4 ) 48.Qf3 Rxf1+ ( 48...Qd4 $1 {would have kept things under control.} ) 49.Qxf1 Qe4+ 50.Qg2 Qxh4+ {Now Black won a pawn but it is way more difficult for him to safeguard the king.} 51.Kg1 Qd4+ 52.Kh2 Qd1 53.Qe4 $1 {Powerful centralization. Aronian almost made it.} 53...Kf8 ( {There are no winning chances in the line} 53...Qd6+ 54.Kg2 Qc6 55.Kf3 Kf8 56.Qxc6 Nxc6 57.Ke3 {The strong bishop often compensates an extra pawn in the battle of the light pieces.} ) 54.Qxb4+ Ke8 55.Qb5+ Ke7 {Never mind the bollocks, the king will go and checkmate his counterpart!} 56.Qc5+ ( {Had this been a classical game Aronian no doubt would have found} 56.Ba3+ $1 Ke6 57.Kg3 c1=Q 58.Bxc1 Qxc1 59.Qe8+ Kf5 60.Qxd8 Kxg6 {with a draw.} ) 56...Ke6 57.Qc8+ Ke5 58.Bb2+ ( {According to the machine} 58.Qb8+ Kf5 59.Qb5+ Kxg6 60.Qe8+ {saves White. Not that clear to the human...} ) 58...Ke4 59.Qb7+ {Many people still discuss this move. Yes, super-GMs also blunder. Especially after sixty moves of unbearable pressure and lack of time for thinking.} ( {White could have still saved himself with} 59.a4 Kf4 60.Qc4+ Kf3 61.Qc3+ Kf2 62.Qg3+ Ke2 63.Qg2+ ) 59...Nxb7 {This was clearly the year of the world champion. The one in which he demonstrated his ability to constantly create more and more problems to his opponents until they finally crack.} 0-1